000 00311nam a22001337a 4500
008 181217b xxu||||| |||| 00| 0 eng d
020 _a9780071788229
041 _aeng
080 _a339.138
100 _a60
101 _aMAR
245 _aThe Old Rules of Marketing are Dead
_cPearson,T.R
942 _2udc
_cBK
999 _c53149
_d53149